Regulaȯ̂ da ℓgua

Bibliographic Details
Format: eBook
Language:Portuguese
Published: Rio de Janeiro: FGV - Direito Rio, 2020
Subjects:
Online Access:Acceso restringido

MARC

LEADER 00000nam a22000007a 4500
005 20210414224756.0
007 cr|||| ||||
008 210414s2020 br |||||s|||| 00||0 por d
035 |a 32808 
040 |a vLex 
090 |c 11460  |d 11460 
245 0 0 |a Regulaȯ̂ da ℓgua  |h [Recurso electrn̤ico] / 
256 |a Servicio en ln̕ea 
260 |a Rio de Janeiro:  |b FGV - Direito Rio,  |c 2020 
300 |a 1 recurso electrn̤ico 
500 |a Produȯ̂ normativa dos r̤gôs reguladores federais. 
506 1 |a Disponible solo en los productos indicados  |d vLex Global  |d vLex Global (Academic Edition, excluding Law Schools)  |d vLex Global (U.S. Academic Edition, Law Schools)  |d vLex Global (U.S. Academic Edition, excluding Law Schools)  |d vLex Global (Academic Edition, Law Schools) 
650 0 4 |a Aguas terrestres  |z Brasil 
650 0 4 |a Derecho del Medio Ambiente  |z Brasil 
650 0 4 |a Aguas  |z Brasil 
740 0 |a vLex Libros (Servicio en ln̕ea) 
856 4 0 |u https://vlex.com/source/regula-o-agua-32808  |z Acceso restringido 
942 |c BOOK 
999 0 |a Terrestrial waters 
999 0 |a Environmental Law 
999 0 |a Waters